Normal view MARC view
  • Paul M. Muchinsky.

Entry Personal Name

Number of records used in: 5

001 - CONTROL NUMBER

  • control field: 1795

003 - CONTROL NUMBER IDENTIFIER

  • control field: NUST

005 - DATE AND TIME OF LATEST TRANSACTION

  • control field: 20170601105049.0

008 - FIXED-LENGTH DATA ELEMENTS

  • fixed length control field: 170601|| aca||aabn | a|a d

040 ## - CATALOGING SOURCE

  • Original cataloging agency: NUST
  • Transcribing agency: NUST

100 ## - HEADING--PERSONAL NAME

  • Personal name: Paul M. Muchinsky.

670 ## - SOURCE DATA FOUND

  • Source citation: Work cat.: (NUST)24097: Paul M. Muchinsky., Psychology applied to work :, c2000.
© 2023 Central Library, National University of Sciences and Technology. All Rights Reserved.